00385nam a2200121Ia 4500003000400000008004100004040001600045082001300061100001900074245009200093260006000185650001800245GCL140319s9999 xx 000 0 eng d aGCL / cGCL04a709bG A1 aGARDNER, HELEN10aART THROUGH THE AGES: AN INTRODUCTION TO IT HISTORY AND SIGNIFICANCE / cGARDNER, HELEN a[S.N] : bHARCOURT BRACE & COMPANY,PUBLISHERS ، c193604aARTS, HISTORY